MARC

LEADER 00000nam0a2200000 4500
001 231169
005 20231101231047.0
035 |a (RuTPU)RU\TPU\book\252185 
035 |a RU\TPU\book\252173 
090 |a 231169 
100 |a 20130130d1928 k y0rusy50 ca 
101 0 |a rus  |a eng 
102 |a RU 
105 |a ab z 000zy 
200 1 |a Разведочные работы в Урало-Эмбенском нефтеносном районе  |f С. И. Миронов  |g Геологический комитет (Геолком) 
210 |a Ленинград  |c Издание Геологического комитета  |d 1928 
215 |a 63 с. 
225 1 |a Материалы по общей и прикладной геологии  |v Вып. 110 
225 1 |a Серия прикладной геофизики и разведочного дела  |v № 3 
300 |a Резюме на англ. яз. 
317 |5 63413507: КР-698  |a Поступила в НТБ в 2004 г. в составе книжного собрания профессора ТПИ К. В. Радугина. 
606 1 |a Нефтегазоносность  |x Поиски и разведка  |2 stltpush  |3 (RuTPU)RU\TPU\subj\45612  |9 64805 
610 1 |a нефтяные месторождения 
610 1 |a Урало-Эмбинская нефтеносная область 
610 1 |a нефтяные скважины 
610 1 |a разведочное бурение 
610 1 |a библиотека К. В. Радугина 
610 1 |a библиотека М. А. Усова 
675 |a 553.98:550.8  |v 3 
700 1 |a Миронов  |b С. И. 
712 0 1 |a СССР  |b Геологический комитет (Геолком)  |c (1922-1930)  |2 stltpush  |3 (RuTPU)RU\TPU\col\18484 
801 1 |a RU  |b 63413507  |c 20130130 
801 2 |a RU  |b 63413507  |c 20190126  |g RCR 
942 |c BK